000 00977cam a2200253 4500
001 ABS62853
008 000000n2000 000 0 eng u
035 _a(Sirsi) u108728
245 _aIreland supplement
260 _c2000
490 _aProperty Week
_vOctober 2000 (52) LOAN
520 _aSpecial supplement on the Irish property market. Covers inward investment into Belfast, the overheating market in Dublin, recent growth in Cork, reform of the law relating to property partnerships and prospects for the Irish market over the next year.
590 _aABS
650 _aIRELAND
650 _aDUBLIN
650 _aBELFAST
650 _aCORK
650 _aINVESTMENT MARKET
650 _aPROPERTY-COMMERCIAL PROPERTY-OFFICE PROPERTY-OFFICE PROPERTY MARKET
650 _aINWARD INVESTMENT
650 _aPROPERTY-COMMERCIAL PROPERTY-OFFICE PROPERTY-OFFICE PROPERTY MARKET
690 _aPROPERTY-COMMERCIAL PROPERTY-COMMERCIAL PROPERTY MARKET
942 _n0
999 _c64905
_d64905